000 00635nam a2200205Ia 4500
001 12913
003 GE_BSU
008 181216s||||||||xx |||||||||||||| ||und||
040 _cGE_BSU
080 _a632.9(072)
100 _aДунин,М.С.Попова,Н.Н.
245 _aКапельный метод анализа вирусов в растениеводстве
245 _bВып. 13
260 _aМосква
260 _bСельхозгиз
260 _c1937
300 _a187стр.20см.
653 _aКапельный метод анализа вирусов в растениеводстве
942 _cBK
999 _c46083
_d46083